El cultivo del chirimoyo
Guardado en:
| Autor principal: | |
|---|---|
| Otros Autores: | |
| Formato: | Libro |
| Lenguaje: | español |
| Publicado: |
Valparaíso
Universitarias de Valparaíso
1993
|
| Materias: | |
| Etiquetas: |
Agregar Etiqueta
Sin Etiquetas, Sea el primero en etiquetar este registro!
|
MARC
| LEADER | 00000cam a2200000 a 4500 | ||
|---|---|---|---|
| 001 | UCX8512 | ||
| 003 | CL-VaPUC | ||
| 005 | 20250321131054.0 | ||
| 008 | 940407e19930000CL |||||||||||||||||spa|d | ||
| 999 | |c 227989 |d 227987 | ||
| 020 | |a 9561702614 | ||
| 040 | |c Pontificia Universidad Católica de Valparaíso | ||
| 082 | 0 | 4 | |a 634.41 |b GAR |2 21 |
| 100 | |a Gardiazábal Irazábal, Francisco Javier |e autor |9 787875 | ||
| 245 | 1 | 3 | |a El cultivo del chirimoyo |
| 260 | |a Valparaíso |b Universitarias de Valparaíso |c 1993 | ||
| 300 | |a 145 p | ||
| 583 | |a last modification |c 20170118 02:12:04 |k Rodrigo Vera | ||
| 650 | 0 | |a Chirimoyo (Annona cherimola) |x Origen |9 264437 | |
| 650 | 0 | |a Chirimoyo |9 892704 |x Cultivo | |
| 650 | 0 | |a Propagación del chirimoyo |9 892708 | |
| 650 | 0 | |a Clasificación botánica |9 892578 |x Frutales | |
| 700 | |a Rosenberg Melnick, Gregorio |e autor |9 533841 | ||
| 942 | |c BK |2 ddc | ||
| 945 | |d 19940407 00:00:00 |a mfernand | ||
| 952 | |0 0 |1 1 |2 ddc |4 0 |6 634_410000000000000_GAR_1993 |7 0 |8 A |9 227523 |a BIBAGR |b BIBAGR |d 2019-11-15 |i 2965879 |l 2 |o 634.41 GAR 1993 |p 2965879 |r 2021-11-30 |s 2020-03-25 |w 2019-11-15 |y BK |k AGR | ||
| 952 | |0 0 |1 0 |4 0 |6 634_410000000000000_GAR_1993 |7 0 |8 A |9 227524 |a BIBAGR |b BIBAGR |d 2019-11-15 |i 2965887 |l 6 |o 634.41 GAR 1993 |p 2965887 |r 2025-01-20 |s 2022-12-09 |w 2019-11-15 |y BK |k AGR | ||
| 952 | |0 0 |1 0 |4 0 |6 634_410000000000000_GAR_1993 |7 0 |8 A |9 227525 |a BIBAGR |b BIBAGR |d 2019-11-15 |i 2965895 |l 5 |o 634.41 GAR 1993 |p 2965895 |r 2025-01-20 |s 2023-03-31 |w 2019-11-15 |y BK |k AGR | ||
| 952 | |0 0 |1 0 |4 0 |6 634_410000000000000_GAR_1993 |7 0 |8 A |9 227526 |a BIBAGR |b BIBAGR |d 2019-11-15 |i 2965909 |l 4 |o 634.41 GAR 1993 |p 2965909 |r 2025-01-20 |s 2022-04-13 |w 2019-11-15 |y BK |k AGR | ||
| 952 | |0 0 |1 0 |4 0 |6 634_410000000000000_GAR_1993 |7 0 |8 A |9 227527 |a BIBAGR |b BIBAGR |d 2019-11-15 |i 2965917 |l 9 |m 2 |o 634.41 GAR 1993 |p 2965917 |r 2025-01-20 |s 2024-06-24 |w 2019-11-15 |y BK |k AGR | ||
| 952 | |0 0 |1 1 |2 ddc |4 0 |6 634_410000000000000_GAR_1993 |7 0 |8 A |9 227528 |a BIBAGR |b BIBAGR |d 2019-11-15 |i 2965925 |l 2 |o 634.41 GAR 1993 |p 2965925 |r 2022-09-08 |s 2022-09-05 |w 2019-11-15 |y BK |k AGR | ||
| 952 | |0 0 |1 0 |4 0 |6 634_410000000000000_GAR_1993 |7 0 |8 A |9 227529 |a BIBAGR |b BIBAGR |d 2019-11-15 |i 2965933 |l 9 |o 634.41 GAR 1993 |p 2965933 |r 2025-01-20 |s 2024-05-13 |w 2019-11-15 |y BK |k AGR | ||
| 952 | |0 0 |1 0 |4 0 |6 634_410000000000000_GAR_1993 |7 0 |8 A |9 227530 |a BIBAGR |b BIBAGR |d 2019-11-15 |i 2967588 |l 1 |o 634.41 GAR 1993 |p 2967588 |r 2025-01-20 |s 2022-04-11 |w 2019-11-15 |y BK |k AGR | ||
| 952 | |0 0 |1 0 |4 0 |6 634_410000000000000_GAR_1993 |7 0 |8 A |9 227531 |a BIBAGR |b BIBAGR |d 2019-11-15 |i 2985071 |l 6 |o 634.41 GAR 1993 |p 2985071 |r 2025-01-20 |s 2023-04-04 |w 2019-11-15 |y BK |k AGR | ||
| 952 | |0 0 |1 0 |4 0 |6 634_410000000000000_GAR_1993 |7 0 |8 A |9 227532 |a BIBAGR |b BIBAGR |d 2019-11-15 |i 2991543 |l 8 |o 634.41 GAR 1993 |p 2991543 |r 2025-01-20 |s 2023-04-03 |w 2019-11-15 |y BK |k AGR | ||
| 952 | |0 0 |1 0 |4 0 |6 634_410000000000000_GAR_1993 |7 0 |8 A |9 227533 |a BIBAGR |b BIBAGR |d 2019-11-15 |i 4787684 |l 1 |o 634.41 GAR 1993 |p 4787684 |r 2025-01-20 |s 2022-04-12 |w 2019-11-15 |y BK |k AGR | ||
| 952 | |0 0 |1 0 |4 0 |6 634_410000000000000_GAR_1993 |7 0 |8 A |9 227534 |a BIBAGR |b BIBAGR |d 2019-11-15 |i 4787692 |l 6 |o 634.41 GAR 1993 |p 4787692 |r 2025-04-04 |s 2025-04-01 |w 2019-11-15 |y BK |k AGR | ||
| 952 | |0 0 |1 0 |4 0 |6 634_410000000000000_GAR_1993 |7 0 |8 A |9 227535 |a BIBAGR |b BIBAGR |d 2019-11-15 |i 4787706 |l 6 |o 634.41 GAR 1993 |p 4787706 |r 2025-01-20 |s 2023-05-08 |w 2019-11-15 |y BK |k AGR | ||
| 952 | |0 0 |1 0 |4 0 |6 634_410000000000000_GAR_1993 |7 0 |8 A |9 227536 |a BIBAGR |b BIBAGR |d 2019-11-15 |i 4787714 |l 12 |m 1 |o 634.41 GAR 1993 |p 4787714 |r 2025-01-20 |s 2023-06-19 |w 2019-11-15 |y BK |k AGR | ||
| 952 | |0 0 |1 0 |4 0 |6 634_410000000000000_GAR_1993 |7 0 |8 A |9 227537 |a BIBAGR |b BIBAGR |d 2019-11-15 |i 4787722 |l 8 |o 634.41 GAR 1993 |p 4787722 |r 2025-01-20 |s 2023-04-03 |w 2019-11-15 |y BK |k AGR | ||
| 952 | |0 0 |1 0 |4 0 |6 634_410000000000000_GAR_1993 |7 0 |8 A |9 227538 |a BIBAGR |b BIBAGR |d 2019-11-15 |i 4787730 |l 7 |o 634.41 GAR 1993 |p 4787730 |r 2025-04-07 |s 2025-04-07 |w 2019-11-15 |y BK |k AGR | ||